Electronics: BjTs, FETs, and microcircuits

Gardado en:
Detalles Bibliográficos
Autor Principal: Angelo, E. James (Author)
Formato: Libro
Idioma:inglés
Publicado: Nueva York McGraw-Hill 1969
Series:Brooklyn polytechnic institute series
Subjects:
Tags: Engadir etiqueta
Sen Etiquetas, Sexa o primeiro en etiquetar este rexistro!

MARC

LEADER 00000nam a2200000 a 4500
001 UCU9335
003 CL-VaPUC
008 960814e19690000US |||||||||||||||||eng|d
082 0 4 |a 621.381  |b ANG  |2 21 
100 0 |a Angelo, E. James  |e author  |9 368367 
245 1 0 |a Electronics: BjTs, FETs, and microcircuits 
300 |a 630 p 
942 |c BK 
945 |d 19960814 00:00:00  |a paguirre 
260 |a Nueva York  |b McGraw-Hill  |c 1969 
650 0 |a Electrónica   |9 263192 
650 0 |a Circuitos  |9 263339 
650 0 |a Circuitos electrónicos  |9 260204 
650 0 |a Amplificadores   |9 338119 
650 7 |a DIODOS SEMICONDUCTORES  |2 CL-VaPUC  |9 368368 
650 7 |a TUBOS ELECTRONICOS  |2 CL-VaPUC  |9 368369 
650 7 |a DISPOSITIVOS SEMICONDDUCTORES  |2 CL-VaPUC  |9 368370 
583 |a last modification  |c 19960814 00:00:00  |k Rodrigo Vera 
490 0 |a Brooklyn polytechnic institute series 
999 |c 251096  |d 251094 
952 |0 0  |1 0  |4 0  |6 621_381000000000000_ANG_1969  |7 0  |8 A  |9 270031  |a BIBING  |b BIBING  |d 2019-11-19  |i 1729756  |o 621.381 ANG 1969  |p 1729756  |r 2025-01-20  |w 2019-11-19  |y BK  |k EIE